00329nam a2200121Ia 4500008004100000041000800041082001500049100001800064245004400082260004600126300002600172365000900198240624s9999 xx 000 0 und d aeng a332.6 SHA  aSHARMA ANURAG aBOOK OF VALUE THE FINE ART OF INVESTING c2016aNew YorkbColumbia University Press axviii, 336 p.; 23 cm. cb30